| 000 | 00581nam a2200169 i 4500 | ||
|---|---|---|---|
| 001 | 183962 | ||
| 003 | ES-MaACL | ||
| 005 | 20231228063301.0 | ||
| 008 | 150102s1874 sp |||| | spa d | ||
| 080 | _a821.134.2-34"18" | ||
| 100 | 1 |
_aMolíns, Mariano Roca de Togores, _cMarqués de, _d1812-1889 _9130033 |
|
| 245 | 1 | 3 |
_aLa manchega / _cpor el Marqués de Molins. |
| 260 |
_a[S.l.] : _b[s.n.], _c1874 ( _eMadrid : _fImp. a cargo de R.P. Infante) |
||
| 300 |
_a198 p. ; _c14 cm. |
||
| 852 |
_aES-MaACL _jT-200-F-5 _z.- Enc. en un vol. facticio |
||
| 999 |
_c183962 _d183962 |
||